000 00867nam a2200337Ia 4500
001 2841
005 20240113233557.0
007 ta
008 050310s1970 a g b000 u eng u
020 _a0-333-05177-7
040 _aCotton College,Assam
041 _aeng
082 _a823.09
_bB 74 Pa
100 _aBradbury, Malcolm .
245 0 _aA Passage to India /
_cMalcolm Bradbury.
_hTextual Documents
250 _a1st ed. /
260 _aLondon :
_bMacmillan ,
_c1970.
300 _a252p. :
_bill ;
_c18cm .
500 _aEdited by Malcolm Bradbury
504 _aIndex
653 _aEnglish Novel-Criticism
653 _aG-English
653 _aPG-English
700 _aBradbury, Malcom .
700 _aBradbury, Malcolm .
942 _2ddc
_cBK
999 _c2834
_d2834